000 00762nam a22002177a 4500
003 LK-CoDNM
005 20241029141516.0
008 241028b |||||||| |||| 00| 0 eng d
040 _aLK-CoDNM
_dLK-CoDNM
_eLK-CoDNM
041 _asin
080 _aප්‍ර.ල
_b4.3
245 _aලක්මිණිපහන - 1899 සැප්තැම්බර් 23
_b17 කාණ්ඩය 41වෙනි පත්‍රය
260 _c1898
300 _a2p. : ill , 44 cm
650 _aලක්මිණිපහන - 1899 සැප්තැම්බර් 23
650 _aලක්මිණිපහන
650 _a17 කාණ්ඩය 41වෙනි පත්‍රය
650 _a1898
650 _aප්‍ර.ල4.3
942 _cBK
999 _c224706
_d224706